L'Oeil du Quattrocento (Record no. 6247)
[ view plain ]
| 000 -LEADER | |
|---|---|
| campo de control de longitud fija | 00957nam a2200277 i 4500 |
| 001 - NÚMERO DE CONTROL | |
| campo de control | 6247 |
| 003 - IDENTIFICADOR DE NÚMERO DE CONTROL | |
| campo de control | ES-MaACL |
| 005 - FECHA Y HORA DE LA ÚLTIMA TRANSACCIÓN | |
| campo de control | 20250813063253.0 |
| 007 - CAMPO FIJO DE DESCRIPCIÓN FÍSICA--INFORMACIÓN GENERAL | |
| campo de control de longitud fija | t| |
| 008 - DATOS DE LONGITUD FIJA--INFORMACIÓN GENERAL | |
| campo de control de longitud fija | 890911s1986 fr ||||0| fre d |
| 020 ## - NÚMERO INTERNACIONAL ESTÁNDAR DEL LIBRO | |
| Número Internacional Estándar del Libro | 2-07-070444-0 |
| 080 ## - NÚMERO DE LA CLASIFICACIÓN DECIMAL UNIVERSAL | |
| Número de la Clasificación Decimal Universal | 75(45)"14" |
| 080 ## - NÚMERO DE LA CLASIFICACIÓN DECIMAL UNIVERSAL | |
| Número de la Clasificación Decimal Universal | 75(04) |
| 100 1# - ENTRADA PRINCIPAL--NOMBRE DE PERSONA | |
| Nombre de persona | Baxandall, Michael, |
| Fechas asociadas al nombre | 1933-2008 |
| 9 (RLIN) | 26639 |
| 245 12 - MENCIÓN DEL TÍTULO | |
| Título | L'Oeil du Quattrocento |
| Resto del título | : l'usage de la peinture dans l'Italie de la Renaissance / |
| Mención de responsabilidad, etc. | Michael Baxandall ; traduit de l'anglais par Yvette Delsaut. |
| 260 ## - PUBLICACIÓN, DISTRIBUCIÓN, ETC. | |
| Lugar de publicación, distribución, etc. | Paris : |
| Nombre del editor, distribuidor, etc. | Gallimard, |
| Fecha de publicación, distribución, etc. | D.L. 1986. |
| 300 ## - DESCRIPCIÓN FÍSICA | |
| Extensión | 254 p. : |
| Otras características físicas | il. ; |
| Dimensiones | 23 cm. |
| 490 1# - MENCIÓN DE SERIE | |
| Mención de serie | Bibliothèque illustrée des histoires |
| 500 ## - NOTA GENERAL | |
| Nota general | Indice. |
| 650 #4 - PUNTO DE ACCESO ADICIONAL DE MATERIA--TÉRMINO DE MATERIA | |
| Término de materia o nombre geográfico como elemento de entrada | Pintura renacentista- |
| Subdivisión geográfica | Italia. |
| 9 (RLIN) | 16077 |
| 650 #7 - PUNTO DE ACCESO ADICIONAL DE MATERIA--TÉRMINO DE MATERIA | |
| Término de materia o nombre geográfico como elemento de entrada | Arte y sociedad |
| Fuente del encabezamiento o término | embne |
| 9 (RLIN) | 177489 |
| 700 1# - ENTRADA AGREGADA--NOMBRE PERSONAL | |
| Nombre de persona | Delsaut, Yvette. |
| 9 (RLIN) | 43594 |
| 830 0# - PUNTO DE ACCESO ADICIONAL DE SERIE-TÍTULO UNIFORME | |
| Título uniforme | Bibliothèque illustrée des histoires |
| 9 (RLIN) | 177490 |
| 852 ## - LOCALIZACIÓN | |
| Ubicación | ES-MaACL |
| Número de control de estantería | L-13374 |
| Sublocalización o colección | R.115516 |
| Nota libre | . - tela |
| Estatus retirado | Estado de pérdida | Estado de daño | No para préstamo | Biblioteca de origen | Biblioteca actual | Ubicación en estantería | Fecha de adquisición | Fuente de adquisición | Total de préstamos | Signatura topográfica completa | Código de barras | Visto por última vez | Precio de reemplazo | Tipo de ítem Koha |
|---|---|---|---|---|---|---|---|---|---|---|---|---|---|---|
| Biblioteca del Ateneo de Madrid | Biblioteca del Ateneo de Madrid | Depósito 2 | 17/01/2008 | L-13374 | 1006359 | 23/02/2023 | 23/02/2023 | Libro impreso |
